000
00320nam a22001337a 4500
008
170511b xxu||||| |||| 00| 0 eng d
020
_a
9781599413563
041
_a
eng
080
_a
34
100
_a
15
101
_a
SHJ
245
_a
FEDERAL COURTS AND THE LAW OF FEDERAL-STATE RELATIONS
_c
LOW, P.W
942
_2
udc
_c
BK
999
_c
13175
_d
13175